প্রশাসনের অন্দরমহল: (Record no. 76734)
[ view plain ]
| 000 -LEADER | |
|---|---|
| fixed length control field | 01047nam a2200241 a 4500 |
| 001 - CONTROL NUMBER | |
| control field | 76734 |
| 003 - CONTROL NUMBER IDENTIFIER | |
| rucl marc code | BD-RjUL |
| 005 - DATE AND TIME OF LATEST TRANSACTION | |
| control field | 20211209082859.0 |
| 008 - FIXED-LENGTH DATA ELEMENTS--GENERAL INFORMATION | |
| fixed length control field | 200116s1988 bg ||||| |||| 00| 0 ben d |
| 035 ## - SYSTEM CONTROL NUMBER | |
| System control number | (BD-RjUL)76958 |
| 040 ## - CATALOGING SOURCE | |
| Original cataloging agency | BD-RjUL |
| Language of cataloging | ben |
| Transcribing agency | BD-RjUL |
| Modifying agency | BD-RjUL |
| 041 ## - LANGUAGE CODE | |
| Language code of text/sound track or separate title | ben |
| 082 ## - DEWEY DECIMAL CLASSIFICATION NUMBER | |
| Edition number | 23 |
| Classification number | 351.5492 |
| Author mark and year | RAP 1988 |
| 100 1# - MAIN ENTRY--PERSONAL NAME | |
| Personal name | রায়, জয়ন্তকুমার |
| 9 (RLIN) | 237640 |
| 245 10 - TITLE STATEMENT | |
| Title | প্রশাসনের অন্দরমহল: |
| Remainder of title | বাংলাদেশ / |
| Statement of responsibility, etc. | জয়ন্তকুমার রায় , মুনতাসীর মামুন |
| 250 ## - EDITION STATEMENT | |
| Edition statement | বাংলাদেশ সং. |
| 260 ## - PUBLICATION, DISTRIBUTION, ETC. (IMPRINT) | |
| Place of publication, distribution, etc. | ঢাকা : |
| Name of publisher, distributor, etc. | পল্লব পাবলিশার্শ, |
| Date of publication, distribution, etc. | ১৯৮৮ |
| 300 ## - PHYSICAL DESCRIPTION | |
| Pagination | [১৬], ২৯৯ পৃ. ; |
| Size | ২২ সেমি. |
| 650 ## - SUBJECT ADDED ENTRY--TOPICAL TERM | |
| Topical term or geographic name as entry element | লোকপ্রশাসন |
| Form subdivision | বাংলাদেশ |
| 9 (RLIN) | 162717 |
| Topical term or geographic name as entry element | Public Administration |
| Form subdivision | Bangladesh |
| 9 (RLIN) | 162451 |
| 700 ## - ADDED ENTRY--PERSONAL NAME | |
| Personal name | মামুন, মুনতাসীর, যুগ্ম লেখক |
| 942 ## - ADDED ENTRY ELEMENTS (KOHA) | |
| Source of classification or shelving scheme | Dewey Decimal Classification |
| Koha item type | Rare Books |
| Lost status | Source of classification or shelving scheme | Damaged status | Not for loan | Collection code | Permanent Location | Current Location | Shelving location | Date acquired | Source of acquisition | Cost, normal purchase price | Total Checkouts | Full call number | Date last seen | Copy number | Koha item type |
|---|---|---|---|---|---|---|---|---|---|---|---|---|---|---|---|
| Dewey Decimal Classification | Not For Loan | Rare Books | Central Library, University of Rajshahi | Central Library, University of Rajshahi | Rare Book Section | 28/02/1990 | Joshna Publications, Dhaka | 150.00 | BRA 351.5492 RAP 1988 | 16/01/2020 | C-1 | Rare Books |